| 000 | 01084cam a2200373 i 4500 | ||
|---|---|---|---|
| 001 | 110870 | ||
| 005 | 20230410132613.0 | ||
| 008 | 800514s1983 sp 000 1 spa | ||
| 035 | _9(DLC) 80016809 | ||
| 035 | _a1826441 | ||
| 010 | _a 80016809 | ||
| 020 | _a8420630969 | ||
| 020 | _a9788420630960 | ||
| 040 |
_aDLC _cDLC _dDLC |
||
| 050 | 1 | 4 |
_aPR 6013 _bG619r 1983 |
| 082 | 0 | 0 | _a823/.914 |
| 100 | 1 |
_aGolding, William, _d1911-1993. |
|
| 245 | 1 | 0 |
_aRitos de paso / _cWilliam Golding ; [traducción, Fernando Santos Fontenla] |
| 250 | _a2a ed. | ||
| 260 |
_aMadrid : _bAlianza Editorial, _c1983. |
||
| 300 |
_a278 p. ; _c21 cm. |
||
| 440 | 0 |
_aAlianza tres ; _v96 |
|
| 500 | _aTítulo original: Rites of passage. | ||
| 650 | 0 |
_aOcean travel _xFiction. |
|
| 651 | 0 |
_aAustralia _xFiction. |
|
| 650 | 0 |
_aImmigrants _xFiction. |
|
| 650 | 4 |
_aNovela inglesa _ySiglo XX. |
|
| 650 | 4 |
_aViajes por mar _vNovela. |
|
| 650 | 4 |
_aAustralia _vNovela. |
|
| 650 | 4 | _aCES | |
| 650 | 4 | _aColección Enriquillo Sánchez | |
| 700 | 2 | _aSantos Fontenla, Fernando | |
| 942 |
_2lcc _cbk |
||
| 999 |
_c84491 _d84491 |
||